Logo BPK

Biblioteka

Politechniki Koszalińskiej

Mechaniczna obróbka materiałów. (Rekord nr 16382)

Szczegóły MARC
000 -ETYKIETA REKORDU
podpole kontrolne o stałej długości 00429nam a2200145 i 4500
001 - NUMER KONTROLNY REKORDU
pole kontrolne bg
040 ## - ŹRÓDŁO KATALOGOWANIA
Instytucja, która utworzyła rekord BPK
041 ## - KOD JĘZYKA
Kod języka tekstu pol
008 - POLE O STAŁEJ DŁUGOŚCI - DANE KONTROLNE
podpole kontrolne o stałej długości s pl f |000 0 pol
100 1# - NAZWA OSOBOWA
Nazwa osobowa Kaczmarek, Jan
Daty związane z nazwą (1920-2011).
245 10 - TYTUŁ/ODPOWIEDZIALNOŚĆ
Tytuł Mechaniczna obróbka materiałów.
Oznaczenie części/sekcji dzieła Z. 1,
Tytuł części/sekcji dzieła Podstawy stereometryczno-kinematyczne [...] /
Pozostałe elementy strefy tytułu i oznaczenia odpowiedzialności Jan Kaczmarek, Edmund Kulacik.
260 ## - STREFA ADRESU WYDAWNICZEGO
Miejsce wydania Kraków,
Data publikacji, dystrybucji/powstania dokumentu 1974.
700 1# - HASŁO DODATKOWE - NAZWA OSOBOWA
Nazwa osobowa Kulacik, Edmund.
856 ## - LOKALIZACJA I DOSTĘP DO ELEKTRONICZNYCH DOKUMENTÓW ZDALNYCH
Link (URL) http://koha.tu.koszalin.pl/cgi-bin/koha/opac-detail.pl?biblionumber=16382
Tekst linku Katalog online BPK
942 ## - DODATKOWE ELEMENTY (KOHA)
Typ dokumentu Książka
Egzemplarze
Wycofany Status egzemplarza Uszkodzony Dostępność Lokalizacja stała Lokalizacja bieżąca Miejsce przechowywania Sygnatura Kod kreskowy Typ dokumentu
      Dostępny Biblioteka Politechniki Koszalińskiej Biblioteka Politechniki Koszalińskiej Wypożyczalnia BG 20079 01696561 Książka
© 2023 Biblioteka Politechniki Koszalińskiej :: KOHA